<?xml version="1.0" encoding="UTF-8"?>
<record
    xmlns:xsi="http://www.w3.org/2001/XMLSchema-instance"
    xsi:schemaLocation="http://www.loc.gov/MARC21/slim http://www.loc.gov/standards/marcxml/schema/MARC21slim.xsd"
    xmlns="http://www.loc.gov/MARC21/slim">

  <leader>00955nam a2200229 a 4500</leader>
  <controlfield tag="001">55370</controlfield>
  <controlfield tag="003">BD-RjUL</controlfield>
  <controlfield tag="005">20211209080245.0</controlfield>
  <controlfield tag="008">161116s1963    bg ||||| |||| 00| 0 ben d</controlfield>
  <datafield tag="035" ind1=" " ind2=" ">
    <subfield code="a">(BD-RjUL)55492</subfield>
  </datafield>
  <datafield tag="040" ind1=" " ind2=" ">
    <subfield code="a">BD-RjUL</subfield>
    <subfield code="b">ben</subfield>
    <subfield code="c">BD-RjUL</subfield>
    <subfield code="d">BD-RjUL</subfield>
  </datafield>
  <datafield tag="041" ind1=" " ind2=" ">
    <subfield code="a">ben</subfield>
  </datafield>
  <datafield tag="082" ind1=" " ind2=" ">
    <subfield code="2">23</subfield>
    <subfield code="a">509</subfield>
    <subfield code="b">SAB 1963</subfield>
  </datafield>
  <datafield tag="100" ind1=" " ind2=" ">
    <subfield code="a">&#x9B8;&#x9BE;&#x9B0;&#x99F;&#x9A8;, &#x99C;&#x9B0;&#x9CD;&#x99C;</subfield>
    <subfield code="9">123634</subfield>
  </datafield>
  <datafield tag="245" ind1="1" ind2="0">
    <subfield code="a">&#x9AC;&#x9BF;&#x99C;&#x9CD;&#x99E;&#x9BE;&#x9A8;&#x9C7;&#x9B0; &#x9AA;&#x9CD;&#x9B0;&#x9BE;&#x9A3;&#x9A7;&#x9BE;&#x9B0;&#x9BE; /</subfield>
    <subfield code="c">&#x9AE;&#x9C2;&#x9B2; : &#x99C;&#x9B0;&#x9CD;&#x99C; &#x9B8;&#x9BE;&#x9B0;&#x99F;&#x9A8;, &#x9A4;&#x9B0;&#x99C;&#x9AE;&#x9BE; : &#x9AE;&#x9C1;&#x9AF;&#x9BC;&#x9BE;&#x9AF;&#x9CD;&#x200C;&#x9AF;&#x9AE; &#x9B9;&#x9C1;&#x9B8;&#x9BE;&#x9AF;&#x9BC;&#x9A8; &#x996;&#x9BE;&#x9A8;</subfield>
  </datafield>
  <datafield tag="260" ind1=" " ind2=" ">
    <subfield code="a">&#x9A2;&#x9BE;&#x995;&#x9BE; :</subfield>
    <subfield code="b">&#x9A8;&#x993;&#x9B0;&#x9CB;&#x99C; &#x995;&#x9BF;&#x9A4;&#x9BE;&#x9AC;&#x9BF;&#x9B8;&#x9CD;&#x9A4;&#x9BE;&#x9A8;,</subfield>
    <subfield code="c">&#x9E7;&#x9EF;&#x9EC;&#x9E9;.</subfield>
  </datafield>
  <datafield tag="300" ind1=" " ind2=" ">
    <subfield code="a">&#x9E8;&#x9E9;&#x9E6; &#x9AA;&#x9C3;. ;</subfield>
    <subfield code="c">&#x9E8;&#x9E9; &#x9B8;&#x9C7;&#x9AE;&#x9BF;.</subfield>
  </datafield>
  <datafield tag="650" ind1=" " ind2=" ">
    <subfield code="a">&#x9AC;&#x9BF;&#x99C;&#x9CD;&#x99E;&#x9BE;&#x9A8;</subfield>
    <subfield code="v">&#x987;&#x9A4;&#x9BF;&#x9B9;&#x9BE;&#x9B8;</subfield>
    <subfield code="9">164939</subfield>
  </datafield>
  <datafield tag="650" ind1=" " ind2=" ">
    <subfield code="a">Science</subfield>
    <subfield code="v">History</subfield>
    <subfield code="9">117677</subfield>
  </datafield>
  <datafield tag="700" ind1=" " ind2=" ">
    <subfield code="a">&#x996;&#x9BE;&#x9A8;, &#x9AE;&#x9C1;&#x9AF;&#x9BC;&#x9BE;&#x9AF;&#x9CD;&#x200C;&#x9AF;&#x9AE; &#x9B9;&#x9C1;&#x9B8;&#x9BE;&#x9AF;&#x9BC;&#x9A8; </subfield>
    <subfield code="q">&#x9A4;&#x9B0;&#x99C;&#x9AE;&#x9BE; : </subfield>
    <subfield code="9">128658</subfield>
  </datafield>
  <datafield tag="942" ind1=" " ind2=" ">
    <subfield code="2">ddc</subfield>
    <subfield code="c">BK</subfield>
  </datafield>
  <datafield tag="999" ind1=" " ind2=" ">
    <subfield code="c">55370</subfield>
    <subfield code="d">55370</subfield>
  </datafield>
  <datafield tag="952" ind1=" " ind2=" ">
    <subfield code="0">0</subfield>
    <subfield code="1">0</subfield>
    <subfield code="2">ddc</subfield>
    <subfield code="4">0</subfield>
    <subfield code="7">0</subfield>
    <subfield code="8">NFIC</subfield>
    <subfield code="a">RUCL</subfield>
    <subfield code="b">RUCL</subfield>
    <subfield code="c">Stack</subfield>
    <subfield code="d">1967-01-03</subfield>
    <subfield code="e">N/A</subfield>
    <subfield code="g">5.00</subfield>
    <subfield code="l">0</subfield>
    <subfield code="o">B 509 SAB 1963</subfield>
    <subfield code="r">2016-11-16 00:00:00</subfield>
    <subfield code="t">C-2</subfield>
    <subfield code="w">2016-11-16</subfield>
    <subfield code="y">BK</subfield>
  </datafield>
  <datafield tag="952" ind1=" " ind2=" ">
    <subfield code="0">0</subfield>
    <subfield code="1">0</subfield>
    <subfield code="2">ddc</subfield>
    <subfield code="4">0</subfield>
    <subfield code="7">0</subfield>
    <subfield code="8">NFIC</subfield>
    <subfield code="a">RUCL</subfield>
    <subfield code="b">RUCL</subfield>
    <subfield code="c">Stack</subfield>
    <subfield code="d">1967-01-03</subfield>
    <subfield code="e">N/A</subfield>
    <subfield code="g">5.00</subfield>
    <subfield code="l">0</subfield>
    <subfield code="o">B 509 SAB 1963</subfield>
    <subfield code="r">2016-11-29 00:00:00</subfield>
    <subfield code="t">C-3</subfield>
    <subfield code="w">2016-11-29</subfield>
    <subfield code="y">BK</subfield>
  </datafield>
</record>
